| 000 | 00579nam a2200181Ia 4500 | ||
|---|---|---|---|
| 008 | 090124s9999 xx 000 0 und d | ||
| 082 | _b40029 | ||
| 100 | _aशेऴके शान्ता ज. | ||
| 245 | _a रंजक गोष्टी | ||
| 250 | _a1 | ||
| 260 |
_bज्योत्स्ना प्रकाशन _c201 |
||
| 300 | _a92 | ||
| 600 | _aशेऴके शान्ता ज. | ||
| 630 | _a रंजक गोष्टी | ||
| 700 | _aशेऴके शान्ता ज. | ||
| 730 | _a रंजक गोष्टी | ||
| 942 | _cBOOK | ||
| 999 |
_c103251 _d103251 |
||